00492nam a22001337a 4500003000500000038001800005082000800023100001900031245016000050264003500210650002100245700003400266856005800300NUST aNusrat Nadeem a200 aBatool, Fatima aEnhancing Psycho Social Behavioral skills for Autism Spectrum Disorder: Evaluating a Multimodal Learning Game Framework for Smart Devices/cFatima Batool,  aIslamabad:SSEECS NUST,c2026. aMS-Data Science  aSupervisor Dr. Farzana Jabeen u http://10.250.8.41:8080/xmlui/handle/123456789/57684